Online
Catalog

The american pageant : (Record no. 20207)

MARC details
000 -CABECERA
campo de control de longitud fija 00511nam a2200169 a 4500
001 - NÚMERO DE CONTROL
campo de control 000020703
005 - FECHA Y HORA DE LA ÚLTIMA TRANSACCIÓN
campo de control 20200930011141.0
008 - DATOS DE LONGITUD FIJA--INFORMACIÓN GENERAL
campo de control de longitud fija 100812s2002 xxu 000 0 eng d
020 ## - NÚMERO INTERNACIONAL ESTÁNDAR DEL LIBRO
Número Internacional Estándar del Libro 0618103554
040 ## - FUENTE DE LA CATALOGACIÓN
Centro catalogador/agencia de origen DO-SdBNP
Lengua de catalogación eng
Centro/agencia transcriptor BPJMB
082 ## - NÚMERO DE LA CLASIFICACIÓN DECIMAL DEWEY
Número de clasificación 973
Número de documento/Ítem P613a
100 1# - ENTRADA PRINCIPAL--NOMBRE DE PERSONA
Nombre de persona Piehl, Mel.
9 (RLIN) 43448
245 14 - MENCIÓN DE TÍTULO
Título The american pageant :
Resto del título guidebook a manual for students /
Mención de responsabilidad, etc. Mel Piehl.
260 ## - PUBLICACIÓN, DISTRIBUCIÓN, ETC.
Lugar de publicación, distribución, etc. Boston :
Nombre del editor, distribuidor, etc. Houghton Mifflin Company,
Fecha de publicación, distribución, etc. 2002.
300 ## - DESCRIPCIÓN FÍSICA
Extensión 420 p. ;
Dimensiones 28 cm.
651 #4 - PUNTO DE ACCESO ADICIONAL DE MATERIA--NOMBRE GEOGRÁFICO
Nombre geográfico Estados Unidos
Subdivisión general Historia
9 (RLIN) 42306

No items available.

Powered by Koha